The new forms of security in FIDICs 1999 conditions of contract (Record no. 64484)

MARC details
000 -LEADER
fixed length control field 01005cam a2200229 4500
001 - CONTROL NUMBER
control field ABS62682
008 - FIXED-LENGTH DATA ELEMENTS--GENERAL INFORMATION
fixed length control field 000000n2000 000 0 eng u
035 ## - SYSTEM CONTROL NUMBER
System control number (Sirsi) u107949
100 ## - MAIN ENTRY--PERSONAL NAME
Personal name Bertrams, R.
245 #4 - TITLE STATEMENT
Title The new forms of security in FIDICs 1999 conditions of contract
260 ## - PUBLICATION, DISTRIBUTION, ETC.
Date of publication, distribution, etc. 2000
490 ## - SERIES STATEMENT
Series statement International Construction Law Review
Volume/sequential designation 17(3) July 2000, 368-383(7)
520 ## - SUMMARY, ETC.
Summary, etc. Examines in detail the forms of security in the latest FIDIC conditions of contract: EPC turnkey projects; plant and design-build for electrical and mechanical plant ; and construction for building and engineering works. Compares with the 1987 form of security and discusses the increase in 'independent' or 'demand' guarantees. Example forms.
590 ## - LOCAL NOTE (RLIN)
Local note ABS
650 ## - SUBJECT ADDED ENTRY--TOPICAL TERM
Topical term or geographic name entry element FORMS OF SECURITY
650 ## - SUBJECT ADDED ENTRY--TOPICAL TERM
Topical term or geographic name entry element FIDIC CONDITIONS OF CONTRACT
650 ## - SUBJECT ADDED ENTRY--TOPICAL TERM
Topical term or geographic name entry element TURNKEY CONTRACTS
650 ## - SUBJECT ADDED ENTRY--TOPICAL TERM
Topical term or geographic name entry element DEMAND GUARANTEES
650 ## - SUBJECT ADDED ENTRY--TOPICAL TERM
Topical term or geographic name entry element GUARANTEES
690 ## - LOCAL SUBJECT ADDED ENTRY--TOPICAL TERM (OCLC, RLIN)
Topical term or geographic name as entry element BUILT ENVIRONMENT-BUILDING CONTRACT FORMS
942 ## - ADDED ENTRY ELEMENTS (KOHA)
Suppress in OPAC 0
Holdings
Withdrawn status Lost status Source of classification or shelving scheme Damaged status Not for loan Home library Current library Shelving location Date acquired Total Checkouts Full call number Barcode Date last seen Copy number Price effective from Koha item type
    Dewey Decimal Classification     London London Journal article 22/08/2000   ABS62682 107949-1001 06/08/2019 1 06/08/2019 Journal article